| 000 -LEADER |
| fixed length control field |
00624nam a2200169Ia 4500 |
| 008 - FIXED-LENGTH DATA ELEMENTS--GENERAL INFORMATION |
| fixed length control field |
191121s 1993 ||||xx |||||||||||||| ||und|| |
| 020 ## - INTERNATIONAL STANDARD BOOK NUMBER |
| International Standard Book Number |
9280112775 |
| 082 ## - DEWEY DECIMAL CLASSIFICATION NUMBER |
| Classification number |
387.5448 |
| Item number |
IMO |
| 110 ## - MAIN ENTRY--CORPORATE NAME |
| Corporate name or jurisdiction name as entry element |
International Maritime Organization |
| Location of meeting |
London |
| Date of meeting or treaty signing |
1993 |
| 245 #0 - TITLE STATEMENT |
| Title |
International code for the construction and equipment of ships carrying liquified gases in bulk : IGC Code. |
| 260 ## - PUBLICATION, DISTRIBUTION, ETC. (IMPRINT) |
| Place of publication, distribution, etc |
London |
| Name of publisher, distributor, etc |
International Maritime Organization |
| Date of publication, distribution, etc |
1993 |
| 300 ## - PHYSICAL DESCRIPTION |
| Extent |
x,166p.+27p.Supplement |
| 650 ## - SUBJECT ADDED ENTRY--TOPICAL TERM |
| Topical term or geographic name as entry element |
Ship survival capabilit and location of cargo tanks |
| 650 ## - SUBJECT ADDED ENTRY--TOPICAL TERM |
| Topical term or geographic name as entry element |
Ship arrangements |
| 650 ## - SUBJECT ADDED ENTRY--TOPICAL TERM |
| Topical term or geographic name as entry element |
Cargo containment |
| 942 ## - ADDED ENTRY ELEMENTS (KOHA) |
| Item type |
Books |